[Event "NRW Verbandsklasse Group1 1314"]
[Site "Nordrheinwestfalen"]
[Date "2014.02.16"]
[Round "7.4"]
[White "Opava, Axel"]
[Black "Neugebauer, Thomas"]
[Result "1/2-1/2"]
[WhiteElo "1921"]
[BlackElo "1853"]
[PlyCount "51"]
[EventDate "2013.09.08"]
[EventType "team-tourn"]
[EventRounds "9"]
[EventCountry "GER"]
[SourceTitle "EXT 2020"]
[Source "ChessBase"]
[SourceDate "2019.10.17"]
[SourceVersion "1"]
[SourceVersionDate "2019.10.17"]
[SourceQuality "1"]
[WhiteTeam "Eichlinghofen SV II"]
[BlackTeam "Altenessen"]
[WhiteTeamCountry "GER"]
[BlackTeamCountry "GER"]

1. e4 c5 2. c3 Nf6 3. e5 Nd5 4. d4 cxd4 5. Nf3 e6 6. cxd4 Na6 7. Nc3 Nac7 8. Bd3 d6 9. 0-0 dxe5 10. Nxe5 Bd6 11. Ne4 Qe7 12. Qa4+ Kf8 13. Bd2 f6 14. f4 Kg8 15. Nxd6 Qxd6 16. Nc4 Qe7 17. Qb3 b6 18. Rae1 Qd8 19. Kh1 g6 20. Be4 Ba6 21. Rf3 Rc8 22. Ne3 Kf7 23. f5 gxf5 24. Bxd5 Nxd5 25. Qa3 Bb7 26. Qxa7 1/2-1/2

[Event "Ruhrgebiet VK2 0001"]
[Site "Ruhrgebiet"]
[Date "2000.11.19"]
[Round "3"]
[White "Przybela, Josef Franz"]
[Black "Opava, Axel"]
[Result "1-0"]
[WhiteElo "1798"]
[BlackElo "1915"]
[PlyCount "85"]
[EventDate "2000.09.17"]
[EventType "team-tourn"]
[EventRounds "9"]
[EventCountry "GER"]
[SourceTitle "EXT 2023"]
[Source "ChessBase"]
[SourceDate "2022.10.05"]
[SourceVersion "1"]
[SourceVersionDate "2022.10.05"]
[SourceQuality "1"]
[WhiteTeam "Hamm Koenigsspringer"]
[BlackTeam "Eichlinghofen SV"]
[WhiteTeamCountry "GER"]
[BlackTeamCountry "GER"]

1. d4 Nf6 2. c4 g6 3. Nc3 d5 4. e3 Bg7 5. Nf3 c5 6. dxc5 Qa5 7. cxd5 Nxd5 8. Qxd5 Bxc3+ 9. Bd2 Bxd2+ 10. Qxd2 Qc7 11. Bb5+ Bd7 12. Bxd7+ Nxd7 13. b4 a5 14. Qb2 0-0 15. a3 axb4 16. axb4 Rxa1+ 17. Qxa1 b6 18. cxb6 Qxb6 19. Qd4 Qb5 20. Qc3 e5 21. Nd2 Rb8 22. f3 Qa6 23. Kf2 Rc8 24. Qb3 Nf6 25. Rb1 e4 26. b5 Qd6 27. Nf1 exf3 28. gxf3 Qe5 29. Qd3 Rc3 30. Qd2 Qc5 31. Rb2 Qc8 32. b6 Rc6 33. Qd3 Qb7 34. Qd2 Kg7 35. Qa5 Ne8 36. Qa7 Nd6 37. Nd2 Rc4 38. Nxc4 Qd5 39. Qc7 Nxc4 40. Rc2 Ne5 41. e4 Qd4+ 42. Kg2 Nxf3 43. Qc3 1-0